00752 2200265 4500001002100000005001500021035002000036007000300056008004100059020002200100082001100122084001700133100001100150245014000161250001000301260003300311300003500344650002500379700000900404504002500413990001200438990001200450990001200462990001200474INLIS00000000000536520200921114959 a0010-0220000083ta200921 g 0 ind  a978-979-29-6199-7 a915.98 a915.98 ISM i0 aISMADI1 aIndonesia Mendunia :bNegara Maritim Terbesar di Dunia, Suku Bangsa Terbanyak di Dunia, dan Keajaiban yang lain /cIsmadi; editor, Maya acet.1 aYogyakarta :bRainbow,c2017 aiv, 43 hlm. :bilus. ;c20 cm. 4aKEBUDAYAAN INDONESIA0 aMAYA aBibliografi : hlm.43 a17046 A a17046 B a17046 C a17046 D